banner koha

Saccharomyces boulardii modulates and improves the immune response to Bovine Herpesvirus type 5 Vaccine (Registro n. 301002)

MARC details
000 -LÍDER
fixed length control field 03365nab a2200325 i 4500
003 - CÓDIGO MARC DA AGÊNCIA CATALOGADORA
Campo de controle BR-BrBNA
005 - DATA E HORA DA ÚLTIMA ATUALIZAÇÃO
Campo de controle 20240823094553.0
008 - CAMPO DE TAMANHO FIXO
fixed length control field 240823b2018 bl.|r|pooa||| 00| 0 eng |
040 ## - FONTE DA CATALOGAÇÃO
Agência catalogadora BR-BrBNA
Idioma da catalogação eng
072 ## - CATEGORIA AGRIS
Código AGRIS L70
100 ## - ENTRADA PRINCIPAL - NOME PESSOAL
Nome pessoal Roos, T.B.
100 ## - ENTRADA PRINCIPAL - NOME PESSOAL
Nome pessoal Avila, L.F.C.
100 ## - ENTRADA PRINCIPAL - NOME PESSOAL
Nome pessoal Sturbelle, R.T.
100 ## - ENTRADA PRINCIPAL - NOME PESSOAL
Nome pessoal Leite, F.L.L.
100 ## - ENTRADA PRINCIPAL - NOME PESSOAL
Nome pessoal Fischer, G.
100 ## - ENTRADA PRINCIPAL - NOME PESSOAL
Nome pessoal Leite, F.P.L.
245 ## - TÍTULO PRINCIPAL
Título principal Saccharomyces boulardii modulates and improves the immune response to Bovine Herpesvirus type 5 Vaccine
500 ## - NOTA GERAL
Nota geral <br/>Publicação online; 24 ref.; Summaries (En, Pt)
942 ## - ADDED ENTRY ELEMENTS (KOHA)
Koha item type
520 ## - NOTA DE RESUMO
Nota de conteúdo <br/><br/>ABSTRACT - There have been significant efforts towards the development of more efficient vaccines for animal health. A strategy that may be used to improve vaccine efficacy is the use of probiotics to enhance the immune response of the host, leading to increased immunogenicity of antigen preparations. Bovine herpesvirus 5 (BoHV-5) is an example of an important animal pathogen for which vaccines have provided only limited protection. In this study, we examined the use of the probiotic Saccharomyces boulardii (Sb) as a potential adjuvant to improve vaccine efficiency. We found that the supplemented animals exhibited an enhanced systemic IgG antibody response toward a Th1 response in favor of IgG2a and increased mRNA expression levels of the cytokines IFN-y, IL-12, IL-17 and IL-10 in the spleen. These results suggest that Sb supplementation may provide a promising means for improving the efficiency of vaccines, particularly those that rely on a cell-mediated immune response.<br/><br/><br/>Keywords: immune modulation, probiotic, cytokines, vaccine
520 ## - NOTA DE RESUMO
Nota de conteúdo <br/><br/>RESUMO - Esforços significativos têm sido realizados para o desenvolvimento de vacinas mais eficientes em saúde animal. Uma estratégia que pode ser usado para melhorar a eficácia da vacina é o uso de probióticos para melhorar a resposta imune do hospedeiro, conduzindo ao aumento da imunogenicidade de preparações de antígenos. Herpesvírus bovino 5 (BoHV-5) é um exemplo de um importante patógeno animal para os quais vacinas têm fornecido apenas uma protecção limitada. Neste estudo, examinou-se o uso do probiótico Saccharomyces boulardii (Sb) como um adjuvante potencial para melhorar a eficiência da vacina. Verificou-se que os animais suplementados apresentaram uma produção de anticorpos IgG superior e com desvio para Th1 em favor de IgG2, além do aumento dos níveis de expressão de mRNA para as citocinas IFN-γ, IL-12, IL-17 e IL-10. Esses resultados sugerem que a suplementação de Sb pode fornecer um meio promissor para melhorar a eficiência de vacinas, particularmente aquelas que dependem de uma resposta imune mediada por células.<br/><br/><br/>Palavras-chave: imunomodulação, probiótico, citocinas, vacina
650 ## - ASSUNTO - THESAGRO
Cabeçalho tópico ou nome geográfico HERPESVÍRUS
650 ## - ASSUNTO - THESAGRO
Cabeçalho tópico ou nome geográfico PATÓGENO
650 ## - ASSUNTO - THESAGRO
Cabeçalho tópico ou nome geográfico PROBIÓTICO
650 ## - ASSUNTO - THESAGRO
Cabeçalho tópico ou nome geográfico VACINA
650 ## - ASSUNTO - THESAGRO
Cabeçalho tópico ou nome geográfico SANIDADE ANIMAL
773 0# - ENTRADA ANALÍTICA
Host Biblionumber 1643
Registro do item 317355
Imprenta Belo Horizonte-MG Universidade Federal de Minas Gerais - Escola de Veterinaria 1983
Outro identificador 2024-4007
Título Arquivo Brasileiro de Medicina Veterinária e Zootecnia (Brazil)
ISSN 0102-0935
Colação v. 70(2) p. 375-381; (2018)
Número de controle de registro BR2024002314
856 ## - ACESSO E ENDEREÇO ELETRÔNICO
Identificador uniforme de recurso - URI https://www.scielo.br/j/abmvz/a/jRcCXwRxsL8Fx8gsGPHGL7M/?format=pdf&lang=en

Nenhum exemplar disponível.

BINAGRI

Telefone: (61)3218-2567/2388/3357/2097 - binagri@agro.gov.br

Ministério da Agricultura e Pecuária , Esplanada dos Ministérios, Bloco D, Anexo B, Brasília/DF, CEP: 70.043-900